As you like it/ (Record no. 192975)

MARC details
000 -LEADER
fixed length control field 00630nam a22001937a 4500
005 - DATE AND TIME OF LATEST TRANSACTION
control field 20240103115855.0
010 ## - LCCN (DPL NO)
LC control number ENG-135380
020 ## - INTERNATIONAL STANDARD BOOK NUMBER
International Standard Book Number 9780199467181
Terms of availability 200.00
035 ## - SYSTEM CONTROL NUMBER
System control number EN-118912
037 ## - SOURCE OF ACQUISITION
Source of stock number/acquisition DBAD/PUB
082 ## - DEWEY DECIMAL CLASSIFICATION NUMBER
Classification number 791.4572
100 ## - MAIN ENTRY--PERSONAL NAME
Personal name Shakespeare, William
245 ## - TITLE STATEMENT
Title As you like it/
Statement of responsibility, etc By William Shakespeare ; Edited By Isabel J. Bisson
260 ## - PUBLICATION, DISTRIBUTION, ETC. (IMPRINT)
Place of publication, distribution, etc New Delhi
Name of publisher, distributor, etc Oxford University press
Date of publication, distribution, etc 2016
270 ## - ADDRESS
Address YMCA Library building, 1 Jai singh road
City New Delhi
Postal code 110001
300 ## - PHYSICAL DESCRIPTION
Extent 184p.
Dimensions 22cm(pbk)
700 ## - ADDED ENTRY--PERSONAL NAME
Personal name Bisson, Isabel J.
Relator term Editor
9 (RLIN) 60585
942 ## - ADDED ENTRY ELEMENTS (KOHA)
Source of classification or shelving scheme Dewey Decimal Classification
Item type English Books
Call number suffix SHA
Classification part 791.4572
Holdings
Withdrawn status Lost status Not for loan Collection code Home library Current library Date acquired Source of acquisition Cost, normal purchase price Full call number Barcode Copy number Cost, replacement price Koha item type
      Non-fiction Ashok Vihar Ashok Vihar 12/10/2022 DBAD/PUB 200.00 791.4572 SHA EN-118912 1 200.00 English Books

© Delhi Public Library
Hit Counter
free hit counter